| 000 | 00496nam a2200181Ia 4500 | ||
|---|---|---|---|
| 005 | 20250508152409.0 | ||
| 008 | 008 250505s9999 xx 000 0 hin d | ||
| 037 | _aTextual | ||
| 040 |
_aFEDL _beng _cFEDL |
||
| 041 |
_ahin _2eng |
||
| 084 |
_aFH, MAL _qFEDL |
||
| 100 |
_aMalhotra Shurendra Kumar _9761374 |
||
| 245 | 0 | _aPurana diya : Nayi roshani | |
| 260 |
_aDelhi, India _bMalhotra Brothers _c1958 |
||
| 300 | _a147p. | ||
| 942 |
_cTEXL _hFH, MAL |
||
| 999 |
_c1336163 _d1336163 |
||